Z̤ilaʻ Gilgit ke qabāʼilī rasm o ravāj / (Record no. 331619)

000 -LEADER
fixed length control field 01712cam a2200373 a 4500
001 - CONTROL NUMBER
control field 17053497
003 - CONTROL NUMBER IDENTIFIER
control field NUST
005 - DATE AND TIME OF LATEST TRANSACTION
control field 20171006111348.0
008 - FIXED-LENGTH DATA ELEMENTS--GENERAL INFORMATION
fixed length control field 111121s2010 pk 000 0 urd
010 ## - LIBRARY OF CONGRESS CONTROL NUMBER
LC control number 2011328407
020 ## - INTERNATIONAL STANDARD BOOK NUMBER
International Standard Book Number 9789699385056
020 ## - INTERNATIONAL STANDARD BOOK NUMBER
International Standard Book Number 9699385057
025 ## - OVERSEAS ACQUISITION NUMBER
Overseas acquisition number P-U-2011328407; 33
037 ## - SOURCE OF ACQUISITION
Source of stock number/acquisition Library of Congress -- Islamabad Overseas Office
Terms of availability Rs 250
040 ## - CATALOGING SOURCE
Original cataloging agency DLC
Transcribing agency DLC
Modifying agency DLC
041 1# - LANGUAGE CODE
Language code of text/sound track or separate title urd
Language code of original eng
042 ## - AUTHENTICATION CODE
Authentication code lcode
-- pcc
043 ## - GEOGRAPHIC AREA CODE
Geographic area code a-pk---
050 00 - LIBRARY OF CONGRESS CALL NUMBER
Classification number KPL2315.G55
Item number S57 2010
066 ## - CHARACTER SETS PRESENT
Alternate G0 or G1 character set (3
-- (4
082 ## - DEWEY DECIMAL CLASSIFICATION NUMBER
Classification number 390.09541
Author Mark SIN
100 1# - MAIN ENTRY--PERSONAL NAME
Linkage 880-01
Personal name Singh, Thakar.
9 (RLIN) 5296
240 10 - UNIFORM TITLE
Uniform title Code of Tribal Custom in the Gilgit district.
Language of a work Urdu
245 10 - TITLE STATEMENT
Linkage 880-02
Title Z̤ilaʻ Gilgit ke qabāʼilī rasm o ravāj /
Statement of responsibility, etc. muṣannif, Ṭhākur Singh ; mutarjim, Ẓafar Ḥayāt Pāl.
260 ## - PUBLICATION, DISTRIBUTION, ETC.
Linkage 880-03
Place of publication, distribution, etc. Gilgit :
Name of publisher, distributor, etc. Nārth Pablīkeshanz ;
Place of publication, distribution, etc. Lāhaur :
Name of publisher, distributor, etc. Sṭākisṭ, Maktabah-yi Jamāl,
Date of publication, distribution, etc. 2010.
300 ## - PHYSICAL DESCRIPTION
Extent 125 p. ;
Dimensions 22 cm.
520 ## - SUMMARY, ETC.
Summary, etc. Laws and regulations concerning social life and customs of Gilgit District (Pakistan).
546 ## - LANGUAGE NOTE
Language note In Urdu; translated from English.
650 #0 - SUBJECT ADDED ENTRY--TOPICAL TERM
Topical term or geographic name entry element Customary law
Geographic subdivision Pakistan
-- Gilgit District
9 (RLIN) 5297
880 1# - ALTERNATE GRAPHIC REPRESENTATION
Linkage 100-01/(3/r‏
Title ‏سنگھ، ٹھاکر.
880 10 - ALTERNATE GRAPHIC REPRESENTATION
Linkage 245-02/(3/r‏
Title ‏ضلع گلگت کے قبائلى رسم و رواج /‏
c ‏مصنف، ٹھاکر سنگھ ؛ مترجم، ظفر حيات پال.
880 ## - ALTERNATE GRAPHIC REPRESENTATION
Linkage 260-03/(4/r‏
Title ‏گلگت :‏
b ‏نارتھ پبلى‌کيشنز ؛‏
Title ‏لاهور :‏
b ‏سٹاکسٹ، مکتبۀ جمال،‏
c ‏‫2010‬.
906 ## - LOCAL DATA ELEMENT F, LDF (RLIN)
a 7
b cbc
c origode
d 2
e ncip
f 20
g y-nonroman
942 ## - ADDED ENTRY ELEMENTS (KOHA)
Source of classification or shelving scheme
Koha item type Book
Holdings
Withdrawn status Lost status Source of classification or shelving scheme Damaged status Not for loan Permanent Location Current Location Shelving location Date acquired Total Checkouts Full call number Barcode Date last seen Date last checked out Copy number Price effective from Koha item type
          Central Library (CL) Central Library (CL) Book Cart 10/06/2017 2 390.095412 SIN CL2892 12/12/2018 12/12/2018 1 10/06/2017 Book
© 2023 Central Library, National University of Sciences and Technology. All Rights Reserved.